000 00209 a2200097 4500
001 30609
100 _aVenables
245 _aTechnical Education
260 _aLondon
_bG Bell & Sans
_c
090 _c20549
_d20549
942 _aNUST-CAE
_cM
_c11724
999 _c265682
_d265682